Elecciones presidenciales argentinas desde 1916 - Estadísticas

Estadísticas generales
  • Esta prueba ha sido intentada 23 veces
  • La puntuación promedio es 24 de 42
Estadísticas de respuestas
% Correcto
2023 Javier Milei
100%
1973 Juan Domingo Perón
100%
1951 Juan Domingo Perón
100%
1946 Juan Domingo Perón
100%
2011 Cristina Fernández de Kirchner
94%
2007 Cristina Fernández de Kirchner
94%
1999 Fernando de la Rúa
94%
2003* Carlos Menem
89%
1995 Carlos Menem
89%
1989 Carlos Menem
89%
2019 Mauricio Macri
89%
2015 Mauricio Macri
89%
2003* Néstor Kirchner
89%
2019 Alberto Fernández
83%
1983 Raúl Alfonsín
78%
2023 Sergio Massa
78%
2015 Daniel Scioli
72%
1928 Hipólito Yrigoyen
72%
1916 Hipólito Yrigoyen
72%
1958 Arturo Frondizi
67%
1963 Arturo U. Illia
67%
1973 Héctor J. Cámpora
67%
1937 Marcelo T. de Alvear
61%
1922 Marcelo T. de Alvear
61%
1999 Eduardo Duhalde
44%
2011 Hermes Binner
44%
1931 Agustín P. Justo
39%
2007 Elisa Carrió
33%
1973 Ricardo Balbín
33%
1973 Ricardo Balbín
33%
1958 Ricardo Balbín
33%
1951 Ricardo Balbín
33%
1937 Roberto M. Ortiz
33%
1983 Ítalo Argentino Luder
28%
1946 José Tamborini
22%
1989 Eduardo Angeloz
11%
1995 José Octavio Bordón
11%
1916 Ángel Domingo Rojas
6%
1928 Leopoldo Melo
6%
1931 Lisandro de la Torre
6%
1922 Norberto Piñero
6%
1963 Oscar Alende
6%
No se encontraron pruebas coincidentes
Distribución de puntuación
Porcentaje de gente con cada puntuación
Porcentaje por número respondido
Historial de tus puntuaciones
No has intentado esta prueba.